00321 a2200097 4500001001000000005001700010008004100027245006400068100002500132773006600157ART_3970320260410161646.0260409a 10aProcedencia de intereses ante compensaciones mal realizadas1 aCaranta, Martín R.0 tConsultor tributariog- Año 10, Nº 113 (jul. 2016)wREV474